| 000 | 00461cam8a220018100 4500 | ||
|---|---|---|---|
| 001 | tmp15763540 | ||
| 003 | UPRA | ||
| 005 | 20190822112111.0 | ||
| 008 | 951023s1976 xx eng u | ||
| 035 | _a(Sirsi) r44103 | ||
| 035 | _a(UPRA)tmp15763540 | ||
| 040 | _cUPRA | ||
| 100 | 1 |
_aMazlish, B. _6A1704.1 |
|
| 245 | 1 | 0 |
_aKissinger : _bthe European mind in American. |
| 260 | _c1976. | ||
| 949 |
_aE840.8 _wlcc _i-54574 _mMAIN _tBOOK _lON-SHELF |
||
| 004 | 44103 | ||
| 999 |
_c132741 _d132741 |
||